000 00789nam a2200205Ii 4500
003 JO-AjNU
008 230605s9999||||xx |||||||||||||| ||und||
040 _aJO-AjNU
_bara
_erda
_cJO-AjNU
041 _aara
050 1 4 _aBP173.758.H3538 2006
100 3 _aإعداد: حماد، حمزة عبد الكريم محمد,
_eauthor
_928880
245 0 0 _aالرقابة الشرعية في المصارف الإسلامية
250 _aط1
264 3 1 _aعمان: دار النفائس للنشر والتوزيع، 2006
300 _a176ص
_bالمصادر والمراجع ص147-171
336 _atext
_btxt
_2rdacontent
337 _aunmediated
_bn
_2rdamedia
338 _avolume
_bnc
_2rdacarrier
650 4 _aالاقتصاد الاسلامي- البنوك الاسلامية
_928881
999 _aA11257
_c14825
_d14825